|
|
|
|
| LEADER |
00821nab#a2200313#ar4500 |
| 001 |
000097813 |
| 003 |
SVKKK |
| 005 |
20091014110841.0 |
| 008 |
090619c2009 xo |||||||||||||||b|slo |
| FMT |
|
|
|
| 038 |
|
|
|a SVKKK
|
| 040 |
|
|
|a SVKKK
|b slo
|e AACR2
|
| 041 |
0 |
|
|a cze
|
| 044 |
|
|
|a xr
|c CZ
|
| 080 |
|
|
|a 621.74
|2 1997
|
| 080 |
|
|
|a 929 Kiedroň, Josef
|2 1997
|
| 100 |
1 |
|
|a Žižka, Ivo
|4 aut
|
| 245 |
1 |
0 |
|a Významné životní jubileum, 65 let, oslaví Ing. Josef Kiedroň
|c Ivo Žižka
|
| 300 |
|
|
|b Fotogr.
|
| 600 |
1 |
4 |
|a Kiedroň, Josef
|x zlievarenský odborník
|d 1944 16. júl-
|z Česko
|
| 650 |
0 |
4 |
|a zlievarenstvo
|
| 655 |
# |
4 |
|a biografie
|
| 773 |
0 |
|
|t Slévárenství
|g Roč. 57, č. 3-4 (2009), s. 121
|x 0037-6825
|
| 958 |
|
|
|a BC
|
| 974 |
|
|
|a MI
|
| 992 |
|
|
|a RBX
|
| BAS |
|
|
|
| 852 |
|
|
|a SVKKK
|b BIB
|
| 998 |
|
|
|a HUT
|